[Event "San Jose 1000 GM Labor Day op"]
[Site "San Jose"]
[Date "2024.09.03"]
[Round "8"]
[White "Gonzalez Zharikov, Andrey"]
[Black "Champsi, Imran"]
[Result "0-1"]
[WhiteElo "2070"]
[BlackElo "2012"]
[PlyCount "50"]
[EventDate "2024.08.30"]
[EventType "swiss"]
[EventRounds "9"]
[EventCountry "USA"]
[SourceTitle "EXT 2025"]
[Source "ChessBase"]
[SourceDate "2024.10.14"]
[SourceVersion "1"]
[SourceVersionDate "2024.10.14"]
[SourceQuality "1"]

1. e4 c5 2. Nf3 d6 3. d4 cxd4 4. Nxd4 Nf6 5. Nc3 g6 6. Be3 Bg7 7. f3 0-0 8. Qd2 Nc6 9. 0-0-0 d5 10. exd5 Nxd5 11. Nxc6 bxc6 12. Bd4 e5 13. Bc5 Be6 14. Ne4 Re8 15. h4 Nb6 16. Qxd8 Rexd8 17. Ba6 Rd5 18. Be7 Ra5 19. Bb7 Re8 20. Nf6+ Bxf6 21. Bxf6 Bd5 22. b3 Rb8 23. c4 Rxb7 24. cxd5 Nxd5 25. Bxe5 Rxa2 0-1

[Event "San Jose 1000 GM Labor Day op"]
[Site "San Jose"]
[Date "2024.09.02"]
[Round "6"]
[White "Ubaldo Suarez, Maria Gisela"]
[Black "Champsi, Imran"]
[Result "1/2-1/2"]
[WhiteElo "1958"]
[BlackElo "2012"]
[PlyCount "96"]
[EventDate "2024.08.30"]
[EventType "swiss"]
[EventRounds "9"]
[EventCountry "USA"]
[SourceTitle "EXT 2025"]
[Source "ChessBase"]
[SourceDate "2024.10.14"]
[SourceVersion "1"]
[SourceVersionDate "2024.10.14"]
[SourceQuality "1"]

1. d4 d5 2. Nf3 Nf6 3. c4 c6 4. Nc3 dxc4 5. a4 Bf5 6. e3 e6 7. Bxc4 Bb4 8. 0-0 0-0 9. Bd2 a5 10. Qe2 Nbd7 11. Rac1 Nb6 12. Bb3 Nbd5 13. Ne5 Bd6 14. Kh1 Qb6 15. Nc4 Qxb3 16. Nxd6 Bg6 17. e4 Nxc3 18. bxc3 Qxa4 19. Ra1 Qc2 20. Rfc1 Qb2 21. f3 Qb6 22. Rcb1 Qc7 23. Nxb7 Nd7 24. g3 Rfb8 25. Nc5 Nxc5 26. Rxb8+ Qxb8 27. dxc5 a4 28. Bf4 e5 29. Bc1 f6 30. Qd3 Bf7 31. Ba3 Qb5 32. Qxb5 cxb5 33. Rd1 Be6 34. Kg2 Kf7 35. Kf2 Rc8 36. Ke3 Rc7 37. Rd2 Rd7 38. Rd6 Rxd6 39. cxd6 Ke8 40. Bb4 Kd7 41. f4 g6 42. Kf3 h5 43. fxe5 fxe5 44. Ke3 g5 45. Kd3 Bc4+ 46. Ke3 Ke6 47. h4 g4 48. Kd2 Kd7 1/2-1/2

[Event "San Jose 1000 GM Labor Day op"]
[Site "San Jose"]
[Date "2024.08.31"]
[Round "3"]
[White "Champsi, Imran"]
[Black "Guo, Ethan"]
[Result "1/2-1/2"]
[WhiteElo "2012"]
[BlackElo "2189"]
[PlyCount "149"]
[EventDate "2024.08.30"]
[EventType "swiss"]
[EventRounds "9"]
[EventCountry "USA"]
[SourceTitle "EXT 2025"]
[Source "ChessBase"]
[SourceDate "2024.10.14"]
[SourceVersion "1"]
[SourceVersionDate "2024.10.14"]
[SourceQuality "1"]

1. d4 Nf6 2. c4 g6 3. Nc3 d5 4. cxd5 Nxd5 5. e4 Nxc3 6. bxc3 Bg7 7. Nf3 c5 8. Be3 Nc6 9. d5 Bxc3+ 10. Bd2 Bxd2+ 11. Qxd2 Nd4 12. Nxd4 cxd4 13. Bb5+ Bd7 14. Bxd7+ Qxd7 15. Qxd4 0-0 16. 0-0 Rfd8 17. Qb4 b6 18. f3 Rac8 19. Rfd1 Rc5 20. Rd2 Rdc8 21. Rad1 Rc4 22. Qa3 Rc3 23. Qa6 Qc7 24. h3 Qc5+ 25. Kh2 Rc7 26. Qe2 b5 27. d6 exd6 28. Rxd6 Rc2 29. R6d2 Qe5+ 30. Kh1 Qb2 31. Qe3 Rxd2 32. Rxd2 Qc1+ 33. Kh2 Rd7 34. Rd3 Qc7+ 35. Kh1 Rxd3 36. Qxd3 b4 37. Qd4 a5 38. Qd5 Kg7 39. e5 a4 40. e6 fxe6 41. Qxe6 h5 42. Qa6 b3 43. Qxa4 Qc1+ 44. Kh2 b2 45. Qd7+ Kh6 46. Qd8 Qf4+ 47. g3 Qe5 48. Qf8+ Kh7 49. Qf7+ Qg7 50. Qb3 h4 51. gxh4 Qe5+ 52. Kg2 Qe2+ 53. Kg3 Qe1+ 54. Kg2 Qd2+ 55. Kg3 Kh6 56. Qb8 Qd4 57. Kg2 Kh5 58. Qb7 Qd2+ 59. Kg3 Qe1+ 60. Kg2 Qe2+ 61. Kg3 Qe5+ 62. Kg2 Kh6 63. Qb4 Kg7 64. a4 Kf7 65. Qb7+ Ke6 66. Qb3+ Kd7 67. Qb7+ Kd8 68. Qb6+ Kc8 69. Qa6+ Kc7 70. Qa7+ Kc6 71. Qa6+ Kd5 72. Qb5+ Ke6 73. Qe8+ Kf5 74. Qf7+ Qf6 75. Qd5+ 1/2-1/2

[Event "San Jose 1000 GM Labor Day op"]
[Site "San Jose"]
[Date "2024.08.31"]
[Round "2"]
[White "Deng, Henry"]
[Black "Champsi, Imran"]
[Result "1/2-1/2"]
[WhiteElo "2338"]
[BlackElo "2012"]
[PlyCount "104"]
[EventDate "2024.08.30"]
[EventType "swiss"]
[EventRounds "9"]
[EventCountry "USA"]
[SourceTitle "EXT 2025"]
[Source "ChessBase"]
[SourceDate "2024.10.14"]
[SourceVersion "1"]
[SourceVersionDate "2024.10.14"]
[SourceQuality "1"]

1. e4 e5 2. Nf3 Nc6 3. Bc4 Bc5 4. Nc3 a6 5. d3 h6 6. Be3 Bxe3 7. fxe3 d6 8. d4 Nf6 9. 0-0 0-0 10. a3 exd4 11. exd4 Nxe4 12. Nxe4 d5 13. Bd3 dxe4 14. Bxe4 Ne7 15. Qe2 c6 16. Rad1 Bg4 17. Qf2 Nd5 18. h3 Nf6 19. hxg4 Nxe4 20. Qe3 Ng5 21. Nxg5 Qxg5 22. Qxg5 hxg5 23. d5 cxd5 24. Rxd5 f6 25. Rd7 Rf7 26. Rfd1 Rc8 27. Rxf7 Kxf7 28. Rd7+ Ke6 29. Rxg7 Rxc2 30. Rxb7 Ke5 31. Kh2 Rd2 32. Rb6 a5 33. Kg3 Rd3+ 34. Kf2 Kf4 35. Ke2 Re3+ 36. Kd2 Rg3 37. Rxf6+ Kxg4 38. Rf2 Rb3 39. Ke1 Kg3 40. Rc2 g4 41. Kf1 Kh2 42. Rc4 Rxb2 43. Rxg4 Rb1+ 44. Ke2 Rb2+ 45. Kd1 Rxg2 46. Rh4+ Kg3 47. Rh5 Kf3 48. Rxa5 Ke4 49. Kc1 Kd4 50. Rb5 Kc3 51. Rd5 Rg1+ 52. Rd1 Rxd1+ 1/2-1/2

[Event "Santa Clara 1000 GM Schev3 03"]
[Site "Santa Clara"]
[Date "2024.03.10"]
[Round "2.3"]
[White "Blandon Villa, Diego F"]
[Black "Champsi, Imran"]
[Result "1-0"]
[WhiteElo "2274"]
[BlackElo "2057"]
[PlyCount "49"]
[EventDate "2024.03.06"]
[EventType "schev"]
[EventRounds "5"]
[EventCountry "USA"]
[SourceTitle "CBM 219 Extra"]
[Source "ChessBase"]
[SourceDate "2024.05.31"]
[SourceVersion "1"]
[SourceVersionDate "2024.05.31"]
[SourceQuality "1"]

1. e4 e5 2. Nf3 Nf6 3. Nc3 Nc6 4. Bb5 Bc5 5. Nxe5 Nxe5 6. d4 Bb4 7. dxe5 Nxe4 8. Qg4 Nxc3 9. Qxb4 Nxb5 10. Qxb5 0-0 11. Bf4 c6 12. Qc5 Qb6 13. Qc3 Qa6 14. a3 Qa4 15. Be3 f6 16. 0-0-0 fxe5 17. Rd6 Qe4 18. Re1 Re8 19. Bxa7 Qxg2 20. Rxe5 Rf8 21. Qc4+ Kh8 22. Be3 h6 23. Re7 Ra5 24. Rxh6+ gxh6 25. Bd4+ 1-0

[Event "Sunnyvale 1000 GM Thanksgiving IM2"]
[Site "Sunnyvale"]
[Date "2023.11.25"]
[Round "6"]
[White "Champsi, Imran"]
[Black "Fernandez Hernandez, Arturo Augusto"]
[Result "0-1"]
[WhiteElo "2155"]
[BlackElo "2307"]
[PlyCount "80"]
[EventDate "2023.11.22"]
[EventType "schev"]
[EventRounds "9"]
[EventCountry "USA"]
[SourceTitle "CBM 217 Extra"]
[Source "ChessBase"]
[SourceDate "2024.01.31"]
[SourceVersion "1"]
[SourceVersionDate "2024.01.31"]
[SourceQuality "1"]

1. d4 d5 2. c4 e6 3. Nc3 Bb4 4. Nf3 Nf6 5. Bg5 h6 6. Bxf6 Qxf6 7. Qb3 Bxc3+ 8. bxc3 c6 9. e3 Nd7 10. cxd5 exd5 11. c4 dxc4 12. Bxc4 0-0 13. 0-0 Nb6 14. a4 Nxc4 15. Qxc4 Be6 16. Qb4 Bd5 17. Nd2 Rad8 18. Rfe1 Rd7 19. Rad1 Rfd8 20. Nf1 h5 21. f3 h4 22. h3 Qg5 23. Kh2 f5 24. Qd2 Bb3 25. Rb1 Bc4 26. Rbd1 Re8 27. e4 Qxd2 28. Nxd2 Rxd4 29. Nxc4 Rxc4 30. Rd7 fxe4 31. fxe4 Rcxe4 32. Rb1 R8e7 33. Rd8+ Kh7 34. a5 Ra4 35. Rf1 Rxa5 36. Rff8 Rd5 37. Ra8 Re2 38. Rh8+ Kg6 39. Rxh4 Rg5 40. Rxa7 Rexg2+ 0-1

[Event "Sunnyvale 1000 GM Thanksgiving IM2"]
[Site "Sunnyvale"]
[Date "2023.11.23"]
[Round "2"]
[White "Rey Malde, Henrique"]
[Black "Champsi, Imran"]
[Result "1-0"]
[WhiteElo "2207"]
[BlackElo "2155"]
[PlyCount "72"]
[EventDate "2023.11.22"]
[EventType "schev"]
[EventRounds "9"]
[EventCountry "USA"]
[SourceTitle "CBM 217 Extra"]
[Source "ChessBase"]
[SourceDate "2024.01.31"]
[SourceVersion "1"]
[SourceVersionDate "2024.01.31"]
[SourceQuality "1"]

1. e4 c5 2. Nf3 g6 3. d4 cxd4 4. Nxd4 Nc6 5. c4 Nf6 6. Nc3 Nxd4 7. Qxd4 d6 8. Be2 Bg7 9. Be3 0-0 10. Qd3 Be6 11. Bd4 Rc8 12. b3 a6 13. 0-0 Bd7 14. f3 Qa5 15. Kh1 h5 16. a4 Be6 17. f4 Bg4 18. Bxg4 hxg4 19. e5 dxe5 20. fxe5 Nd7 21. Nd5 Qd8 22. e6 fxe6 23. Qxg6 Nf6 24. Nf4 Qd6 25. Rae1 Rc6 26. Nxe6 Qxe6 27. Rxe6 Rxe6 28. g3 Rd8 29. Bxf6 exf6 30. Qxg4 Re3 31. Rf3 f5 32. Rxf5 Rd4 33. Rf6 Rd2 34. Qc8+ Kh7 35. Qf5+ Kg8 36. Rf8+ Bxf8 1-0

[Event "Milpitas 1000 GM Schev 07"]
[Site "Milpitas"]
[Date "2023.07.16"]
[Round "4"]
[White "Champsi, Imran"]
[Black "Rivera, Ingris"]
[Result "1-0"]
[WhiteElo "1944"]
[BlackElo "2240"]
[PlyCount "105"]
[EventDate "2023.07.14"]
[EventType "schev"]
[EventRounds "9"]
[EventCountry "USA"]
[SourceTitle "EXT 2024"]
[Source "ChessBase"]
[SourceDate "2023.10.10"]
[SourceVersion "1"]
[SourceVersionDate "2023.10.10"]
[SourceQuality "1"]

1. Nf3 Nf6 2. c4 g6 3. b3 Bg7 4. Bb2 0-0 5. e3 c5 6. Be2 Nc6 7. 0-0 d6 8. Nc3 Bf5 9. Rc1 Rc8 10. Re1 Qa5 11. d4 cxd4 12. exd4 d5 13. cxd5 Nb4 14. Qd2 Nbxd5 15. Nxd5 Qxd5 16. Bc4 Qd6 17. Qa5 b6 18. Qxa7 Ra8 19. Qxe7 Qxe7 20. Rxe7 Rxa2 21. Bc3 Ne4 22. Bb4 Bh6 23. Rf1 Ng5 24. Ne5 Be6 25. d5 Bf5 26. h4 Ne4 27. d6 Bd2 28. Nxf7 Rc2 29. Bd3 Rxf7 30. Bxc2 Bxb4 31. Bxe4 Bxe4 32. Rxe4 Bxd6 33. Re6 Bc5 34. b4 Bxb4 35. Rxb6 Bc5 36. Rc6 Ba7 37. g3 Kg7 38. Kg2 Kh6 39. f3 Rd7 40. Kh3 Rf7 41. f4 Kg7 42. Rfc1 Bb8 43. Rc8 Bd6 44. Rd1 Bc7 45. Re1 Rd7 46. Ree8 Kh6 47. Kg4 Rg7 48. Ra8 Bd6 49. Ra6 Rd7 50. Re6 Bb8 51. h5 Rg7 52. hxg6 hxg6 53. f5 1-0

[Event "Sunnyvale Independence Day op"]
[Site "Sunnyvale"]
[Date "2023.07.04"]
[Round "8"]
[White "Champsi, Imran"]
[Black "Pinzon, Jairo David"]
[Result "0-1"]
[WhiteElo "1944"]
[BlackElo "2220"]
[PlyCount "86"]
[EventDate "2023.06.30"]
[EventType "swiss"]
[EventRounds "9"]
[EventCountry "USA"]
[SourceTitle "EXT 2024"]
[Source "ChessBase"]
[SourceDate "2023.10.10"]
[SourceVersion "1"]
[SourceVersionDate "2023.10.10"]
[SourceQuality "1"]

1. Nf3 d5 2. e3 Bf5 3. c4 e6 4. Nc3 c6 5. b3 h6 6. Bb2 Nf6 7. Be2 Nbd7 8. 0-0 Bd6 9. Rc1 0-0 10. d4 Re8 11. h3 Qe7 12. Bd3 Bxd3 13. Qxd3 dxc4 14. Qxc4 e5 15. Rfd1 e4 16. Nd2 Rad8 17. Qe2 Bb8 18. Nf1 Nb6 19. Nb1 Bd6 20. Nbd2 Nbd5 21. Nc4 Bb8 22. a3 Qe6 23. b4 g5 24. Nh2 Kh7 25. Nd2 a6 26. Re1 Qf5 27. Rf1 Bxh2+ 28. Kxh2 g4 29. Rh1 Re6 30. hxg4 Nxg4+ 31. Kg1 Rg8 32. Nc4 Reg6 33. Kf1 b5 34. Ne5 Ndxe3+ 35. Ke1 Nxe5 36. dxe5 Nxg2+ 37. Kd2 Rd8+ 38. Kc2 e3+ 39. Kb3 Qe6+ 40. Kc3 Qxe5+ 41. Kb3 Qe6+ 42. Kc3 Rd2 43. Qxd2 Qc4# 0-1

[Event "Sunnyvale Independence Day op"]
[Site "Sunnyvale"]
[Date "2023.07.03"]
[Round "7"]
[White "Barros Rivadeneira, Cristhian"]
[Black "Champsi, Imran"]
[Result "1-0"]
[WhiteElo "2322"]
[BlackElo "1944"]
[PlyCount "103"]
[EventDate "2023.06.30"]
[EventType "swiss"]
[EventRounds "9"]
[EventCountry "USA"]
[SourceTitle "EXT 2024"]
[Source "ChessBase"]
[SourceDate "2023.10.10"]
[SourceVersion "1"]
[SourceVersionDate "2023.10.10"]
[SourceQuality "1"]

1. c4 c6 2. Nc3 Nf6 3. Nf3 d5 4. d4 dxc4 5. a4 Bf5 6. e3 e6 7. Bxc4 Nbd7 8. 0-0 Bb4 9. Qe2 0-0 10. Rd1 Qc7 11. e4 Bg6 12. e5 Nd5 13. Bd2 Nxc3 14. bxc3 Be7 15. a5 b5 16. Bb3 a6 17. c4 Rfd8 18. c5 Nf8 19. h3 Re8 20. Bf4 h6 21. Qe3 Qd7 22. Ne1 Bh7 23. Nd3 Bxd3 24. Rxd3 Ng6 25. Bh2 Rad8 26. Rad1 Qc7 27. Qe1 Bf8 28. g4 Ne7 29. h4 Rd7 30. h5 Nd5 31. Bc2 Be7 32. Bb1 b4 33. Qe4 Bg5 34. Rf3 Nc3 35. Qh7+ Kf8 36. Qh8+ Ke7 37. Rxf7+ Kd8 38. Rf8 Rde7 39. Bg6 Rxf8 40. Qxf8+ Kd7 41. Rd3 Qxa5 42. Qb8 Bf4 43. Qd6+ Kc8 44. Qxe7 Qa1+ 45. Kg2 Bxh2 46. Qxe6+ Kb7 47. Qd7+ Kb8 48. Qd8+ Kb7 49. Qb6+ Ka8 50. Qxc6+ Kb8 51. Kxh2 Ne2 52. Qb6+ 1-0

[Event "Sunnyvale Independence Day op"]
[Site "Sunnyvale"]
[Date "2023.07.02"]
[Round "5"]
[White "Quesada Vera, Liordis"]
[Black "Champsi, Imran"]
[Result "1-0"]
[WhiteElo "2323"]
[BlackElo "1944"]
[PlyCount "51"]
[EventDate "2023.06.30"]
[EventType "swiss"]
[EventRounds "9"]
[EventCountry "USA"]
[SourceTitle "EXT 2024"]
[Source "ChessBase"]
[SourceDate "2023.10.10"]
[SourceVersion "1"]
[SourceVersionDate "2023.10.10"]
[SourceQuality "1"]

1. Nf3 Nf6 2. b3 g6 3. Bb2 Bg7 4. g3 b6 5. Bg2 Bb7 6. 0-0 c5 7. c4 Nc6 8. d4 Nxd4 9. Nxd4 Bxg2 10. Kxg2 cxd4 11. Qxd4 0-0 12. Nc3 d5 13. cxd5 e6 14. Rfd1 Nxd5 15. Qxg7+ Kxg7 16. Nxd5+ Kh6 17. Nf6 Qc8 18. Ng4+ Kh5 19. Bf6 g5 20. Ne5 g4 21. h3 Qb7+ 22. Kh2 gxh3 23. g4+ Kh6 24. Kxh3 Rg8 25. Rh1 Rxg4 26. Kxg4+ 1-0

[Event "Sunnyvale 1000 GM Bona op"]
[Site "Sunnyvale"]
[Date "2023.04.23"]
[Round "3"]
[White "Castillo Coca, Mairebys"]
[Black "Champsi, Imran"]
[Result "1-0"]
[WhiteElo "2110"]
[BlackElo "1891"]
[PlyCount "117"]
[EventDate "2023.04.21"]
[EventType "swiss"]
[EventRounds "5"]
[EventCountry "USA"]
[SourceTitle "EXT 2024"]
[Source "ChessBase"]
[SourceDate "2023.10.10"]
[SourceVersion "1"]
[SourceVersionDate "2023.10.10"]
[SourceQuality "1"]

1. e4 e5 2. Bc4 Nf6 3. d3 Bc5 4. Nf3 Nc6 5. c3 a6 6. Bb3 d6 7. Nbd2 0-0 8. Nf1 h6 9. Ng3 Re8 10. 0-0 Ba7 11. Be3 Bxe3 12. fxe3 Be6 13. Bc2 d5 14. exd5 Nxd5 15. Qe1 Qe7 16. Qf2 Rad8 17. Rad1 Nf6 18. h3 Nh7 19. d4 Ng5 20. Nxg5 Qxg5 21. Ne4 Qe7 22. Qg3 Kh8 23. b3 Bd5 24. Rde1 Nb8 25. Qg4 Nd7 26. c4 Be6 27. Qh5 f5 28. Ng3 Nf6 29. Qg6 Bf7 30. Qxf5 exd4 31. exd4 Qxe1 32. Rxe1 Rxe1+ 33. Kh2 Re7 34. Qf4 c6 35. Nf5 Red7 36. Nxh6 Rxd4 37. Qg5 Bg8 38. Nf5 R4d7 39. Nxg7 Rxg7 40. Qxf6 Rdd7 41. Bf5 Rdf7 42. Qh6+ Bh7 43. g4 Kg8 44. Be6 Be4 45. Bxf7+ Rxf7 46. Qg5+ Rg7 47. Qd8+ Kh7 48. Kg3 b5 49. Qe8 Bg6 50. Qxc6 bxc4 51. Qxc4 Bf7 52. Qxa6 Rg6 53. Qb7 Kh8 54. Qxf7 Rxg4+ 55. Kf3 Rg3+ 56. Ke4 Re3+ 57. Kd4 Re4+ 58. Kc5 Re5+ 59. Qd5 1-0

[Event "Milpitas 1000 GM Winter op"]
[Site "Milpitas"]
[Date "2023.01.22"]
[Round "5"]
[White "Ganesan, Vikrant"]
[Black "Champsi, Imran"]
[Result "1/2-1/2"]
[WhiteElo "1608"]
[BlackElo "1669"]
[PlyCount "42"]
[EventDate "2023.01.21"]
[EventType "swiss"]
[EventRounds "5"]
[EventCountry "USA"]
[SourceTitle "CBM 212 Extra"]
[Source "ChessBase"]
[SourceDate "2023.03.31"]
[SourceVersion "1"]
[SourceVersionDate "2023.03.31"]
[SourceQuality "1"]

1. d4 d5 2. c4 c6 3. Nf3 Nf6 4. Nc3 dxc4 5. a4 Bf5 6. Ne5 e6 7. Nxc4 Nbd7 8. f3 h6 9. e4 Bh7 10. Be2 Be7 11. 0-0 0-0 12. Be3 Qc7 13. a5 Rfd8 14. Qe1 Nf8 15. Qf2 Ng6 16. f4 Nf8 17. Bf3 Ng6 18. Ne5 Nd7 19. Bh5 Ndxe5 20. dxe5 c5 21. Bxg6 fxg6 1/2-1/2

[Event "Milpitas 1000 GM Winter op"]
[Site "Milpitas"]
[Date "2023.01.22"]
[Round "3"]
[White "Zhou, Ivan"]
[Black "Champsi, Imran"]
[Result "1/2-1/2"]
[WhiteElo "1540"]
[BlackElo "1669"]
[PlyCount "69"]
[EventDate "2023.01.21"]
[EventType "swiss"]
[EventRounds "5"]
[EventCountry "USA"]
[SourceTitle "CBM 212 Extra"]
[Source "ChessBase"]
[SourceDate "2023.03.31"]
[SourceVersion "1"]
[SourceVersionDate "2023.03.31"]
[SourceQuality "1"]

1. e4 e5 2. Nf3 Nc6 3. Bc4 Bc5 4. 0-0 Nf6 5. d3 h6 6. c3 d6 7. Nbd2 a6 8. a4 0-0 9. Re1 Qe7 10. Nf1 Be6 11. Bb3 Ba7 12. Ng3 Rab8 13. Be3 Bxe3 14. Rxe3 Bxb3 15. Qxb3 Qe6 16. Qc2 Rbd8 17. Rae1 d5 18. Nh4 d4 19. Rf3 Nh7 20. Ngf5 Kh8 21. Rg3 Rg8 22. Qc1 dxc3 23. bxc3 g5 24. Nf3 Rxd3 25. Nxg5 Rxg3 26. Nxe6 Rxg2+ 27. Kh1 fxe6 28. Nxh6 R8g6 29. Qe3 Kg7 30. h3 Nf6 31. f3 R2g3 32. Kh2 Rg2+ 33. Kh1 R2g3 34. Kh2 Rg2+ 35. Kh1 1/2-1/2